[Event "BRA-chB U20"]
[Site "Goiania"]
[Date "2015.10.12"]
[Round "7"]
[White "Labussiere, Victor"]
[Black "Santos, Wellington"]
[Result "1-0"]
[WhiteElo "1580"]
[BlackElo "1526"]
[PlyCount "111"]
[EventDate "2015.10.09"]
[EventType "swiss"]
[EventRounds "7"]
[EventCountry "BRA"]
[SourceTitle "CBM 168 Extra"]
[Source "ChessBase"]
[SourceDate "2015.10.29"]
[SourceVersion "1"]
[SourceVersionDate "2015.10.29"]
[SourceQuality "1"]

1. d4 d5 2. c4 Nc6 3. Nc3 dxc4 4. e3 Bf5 5. Bxc4 Nf6 6. Nf3 e6 7. 0-0 Be7 8. Re1 Ne4 9. Bd3 Bb4 10. Qc2 Nxc3 11. bxc3 Bxd3 12. Qxd3 Bd6 13. a4 e5 14. d5 Ne7 15. e4 0-0 16. Ba3 Ng6 17. g3 Qd7 18. Kg2 Bxa3 19. Rxa3 Qg4 20. h3 Nf4+ 21. Kg1 Nxd3 22. hxg4 Nxe1 23. Nxe1 Rfd8 24. Rb3 b6 25. Nd3 f6 26. Nb4 Kf7 27. Kf1 Rh8 28. Ke2 h5 29. gxh5 Rxh5 30. Nc6 a5 31. c4 Rh1 32. c5 Ra1 33. cxb6 cxb6 34. Rxb6 Rxa4 35. Rb7+ Kg6 36. d6 Rc4 37. Rc7 a4 38. d7 a3 39. Rc8 Rxe4+ 40. Kd3 Raa4 41. d8Q a2 42. Ne7+ Kg5 43. Qg8 Rad4+ 44. Kc2 Re2+ 45. Kb3 a1N+ 46. Ka3 Rd3+ 47. Ka4 Re4+ 48. Kb5 Kg4 49. Qxg7+ Kf3 50. Qxf6+ Kg2 51. Rc5 Re2 52. Rxe5 Rxf2 53. Qc6+ Kxg3 54. Rg5+ Kf4 55. Qf6+ Ke3 56. Re5+ 1-0

[Event "BRA-chB U20"]
[Site "Goiania"]
[Date "2015.10.09"]
[Round "1"]
[White "Santos, Wellington"]
[Black "Rosa, Paulo Estevao"]
[Result "0-1"]
[WhiteElo "1526"]
[BlackElo "1808"]
[PlyCount "78"]
[EventDate "2015.10.09"]
[EventType "swiss"]
[EventRounds "7"]
[EventCountry "BRA"]
[SourceTitle "CBM 168 Extra"]
[Source "ChessBase"]
[SourceDate "2015.10.29"]
[SourceVersion "1"]
[SourceVersionDate "2015.10.29"]
[SourceQuality "1"]

1. e4 c6 2. Nf3 d5 3. exd5 cxd5 4. Bb5+ Bd7 5. Bxd7+ Nxd7 6. d4 Ngf6 7. Nc3 e6 8. 0-0 Be7 9. Ne2 0-0 10. Ng3 Qc7 11. Bg5 Rfc8 12. c3 b5 13. a3 h6 14. Be3 Nb6 15. Qb3 Nc4 16. Rab1 Bd6 17. Ne2 Ng4 18. Rbe1 Ngxe3 19. fxe3 Nxe3 20. Rf2 Ng4 21. Rff1 Bxh2+ 22. Kh1 Bg3 23. Nxg3 Qxg3 24. Qxb5 Nf2+ 25. Kg1 Nh3+ 26. Kh1 Nf4 27. Rg1 Rcb8 28. Qf1 Rxb2 29. Re3 Rab8 30. Qe1 Qg6 31. g3 Nh3 32. Rf1 Rb1 33. Qe2 Qxg3 34. Qg2 Rxf1+ 35. Qxf1 Nf2+ 36. Qxf2 Qxf2 37. Re1 Rb2 38. Nd2 Rxd2 39. Re2 Rd1+ 0-1

[Event "Goiania Goias Cup"]
[Site "Goiania"]
[Date "2015.09.25"]
[Round "2"]
[White "Montufar Berrios, Eymi Priscila"]
[Black "Santos, Wellington"]
[Result "1-0"]
[WhiteElo "1695"]
[BlackElo "1793"]
[PlyCount "85"]
[EventDate "2015.09.25"]
[EventType "swiss"]
[EventRounds "6"]
[EventCountry "BRA"]
[SourceTitle "EXT 2016"]
[Source "ChessBase"]
[SourceDate "2015.10.08"]
[SourceVersion "1"]
[SourceVersionDate "2015.10.08"]
[SourceQuality "1"]

1. e4 e5 2. Nf3 Nc6 3. Bc4 Bc5 4. d3 h6 5. Nc3 d6 6. h3 Nf6 7. 0-0 0-0 8. Be3 Bb4 9. Nd5 Nxd5 10. Bxd5 Ne7 11. Bb3 Be6 12. c3 Ba5 13. d4 Ng6 14. Bxe6 fxe6 15. dxe5 Nxe5 16. Nxe5 dxe5 17. Qb3 Qc8 18. Qb5 Bb6 19. Bxb6 axb6 20. Qxe5 Qd7 21. Rad1 Qf7 22. a3 Ra5 23. Qd4 Rg5 24. f4 Rg3 25. Qf2 Qg6 26. Kh2 Rg5 27. Qe2 Rc5 28. Rd3 Qf6 29. Rg3 Rc6 30. Qh5 Rc5 31. Qf3 Qe7 32. Qe3 Rf6 33. e5 Rf5 34. Rd1 Qf7 35. Rf3 Rd5 36. Rxd5 exd5 37. g4 c6 38. gxf5 Qxf5 39. Rg3 b5 40. e6 Qf8 41. e7 Qe8 42. Qe6+ Kh8 43. Qe5 1-0